Slovenskí bankoví manažéri získavajú skúsenosti aj v USA

Poznatky a skúsenosti J. Sviteka, riaditeľa odboru stratégie a marketingu ústredia Slovenskej kreditnej banky, a.s. Bratislava, jedného z 13 účastníkov amerického vzdelávacieho programu Bankers Abroad. 3. rok ho organizuje USAID v spolupráci so slovenskými inštitúciami a MF SR. Študijné predmety teo...

Descripción completa

Guardado en:
Detalles Bibliográficos
Autor principal: Svitek, Jozef
Otros Autores: Holub, M.
Formato: Capítulo de libro
Lenguaje:eslovaco
Materias:
Etiquetas: Agregar Etiqueta
Sin Etiquetas, Sea el primero en etiquetar este registro!

MARC

LEADER 00000naa a2200000 4500
001 r016138
005 20221213114709.4
041 0 |a slo 
044 |a SK 
245 1 0 |a Slovenskí bankoví manažéri získavajú skúsenosti aj v USA  |c Jozef Svitek, M. Holub 
520 |a Poznatky a skúsenosti J. Sviteka, riaditeľa odboru stratégie a marketingu ústredia Slovenskej kreditnej banky, a.s. Bratislava, jedného z 13 účastníkov amerického vzdelávacieho programu Bankers Abroad. 3. rok ho organizuje USAID v spolupráci so slovenskými inštitúciami a MF SR. Študijné predmety teoretickej časti, tri týždne pôsobenia v americkej bankovej inštitúcii. 
610 2 0 |a bankovníctvo 
610 2 0 |a banky 
610 2 0 |a manažment 
610 2 0 |a manažéri 
610 2 0 |a doškoľovanie 
610 2 0 |a Slovensko 
610 2 0 |a USA 
610 2 0 |a USAID 
100 1 |a Svitek, Jozef 
700 1 |a Holub, M.